00900nam a2200193 i 4500001000700000003000900007005001700016008004100033040002000074100002800094245005400122250001700176260014100193300002800334490009500362650002800457830009500485852012600580165184ES-MaACL20230906213100.0050817s1850 xxk | |||||||| ||eng d aCAM bspa cCAM1 aSenior, Nassau William.10aPolitical economy / c[by Nassau William Senior]. a2ª ed. rev. aLondon : bpublished by John Joseph Griffin & co. ; aGlasgow :bRichard Griffin & co., c1850 (eGlasgow : fPrinted by Bell and Bain) aVIII, 231 p. ; c19 cm.1 aEncyclopaedia metropolitana or System of Universal Knowledge. First Division, Pure Scieces 4aPolítica económica.0 aEncyclopaedia metropolitana or System of Universal Knowledge. First Division, Pure Scieces aES-MaACLjC-3868 z-- Enc. editorial en tela z-- Precede a la port. 15 p. de publicidad de la Encyclopedia metropolitana